Normal view
MARC view
- Shankar, R
Entry Personal Name
001 - CONTROL NUMBER
- control field: 60113
003 - CONTROL NUMBER IDENTIFIER
- control field: NUST
005 - DATE AND TIME OF LATEST TRANSACTION
- control field: 20210628202503.0
008 - FIXED-LENGTH DATA ELEMENTS
- fixed length control field: 210628|| aca||aabn | a|a d
040 ## - CATALOGING SOURCE
- Original cataloging agency: NUST
- Transcribing agency: NUST
100 ## - HEADING--PERSONAL NAME
- Personal name: Shankar, R
670 ## - SOURCE DATA FOUND
- Source citation: Work cat.: (NUST): Shankar, R, Basic training in mathematics a fitness program for science students, 1995
